| 000 | 00736nmm a2200253 a 4500 | ||
|---|---|---|---|
| 003 | AR-BaBNM | ||
| 005 | 20251128210258.0 | ||
| 008 | 219019s1989 ||||||||||||||000 | spa|| | ||
| 020 | _a0-87120-165-8 | ||
| 040 | _cAR-BaBNM | ||
| 245 | 1 | 0 |
_aInterdisciplinary curriculum _bdesign and implementation |
| 260 |
_aAlexandria _bAssociation for Supervision and Curriculum Development _c1989 |
||
| 300 | 0 |
_a97 p. _btablas |
|
| 650 | 4 | _aCURRICULO | |
| 650 | 4 | _aINTERDISCIPLINARIEDAD | |
| 651 | 4 | _aEstados Unidos | |
| 653 | 0 | _aDISENO CURRICULAR | |
| 653 | 0 | _aORGANIZACION CURRICULAR | |
| 653 | 0 | _aINTEGRACION DE AREAS | |
| 653 | 0 | _aCONTENIDOS CURRICULARES | |
| 700 | 1 |
_aJacobs, Heidi Hayes _eeditor |
|
| 942 | _cBK | ||
| 998 | _cRaquel | ||
| 999 |
_c14759 _d14759 |
||